000
00242nam a22000857a 4500
008
161201b xxu||||| |||| 00| 0 eng d
100
_9
1707
_a
Kumar. K
245
_a
Interaction in english main course book
260
_a
New delhi
_b
Frank brothers
_c
2006
999
_c
4420
_d
4420